Statistiken für Für welche Biermarken wird am meisten geworben?

Klicken Sie hier um das Quiz zu spielen!

Allgemein

  • Dieses Quiz wurde 257 mal gespielt
  • Das Durchschnittsergebnis liegt bei 8 aus 15

Antwortstatistiken

Werbeausgaben 2017Biermarke% Korrekt
71,45Krombacher
82%
45,21Bitburger
81%
7,73Beck's
79%
9,97Paulaner
71%
26,24Jever
69%
19,92Warsteiner
66%
11,59Erdinger
63%
42,66Radeberger
62%
18,67Veltins
58%
17,71Schöfferhofer
32%
21,05König Pilsener
31%
8,87Holsten
26%
13,86Köstritzer
23%
12,01Clausthaler
19%
9,54Wernesgrüner
18%

Verteilung der Resultate

Perzentil nach korrekt beantworteten Fragen

Anzahl Personen mit jedem Resultat

Ihre Resultats-Entwicklung

Sie haben dieses Quiz noch nicht gespielt